| 000 | 01018nam1a22003131 4500 | ||
|---|---|---|---|
| 001 | v19\rc\1915111 | ||
| 005 | 20251118180615.4 | ||
| 035 | _a(NLR Aleph) 005002787 | ||
| 090 |
_a6404317 _c6404317 |
||
| 100 | _a20080404d1911 |||y0rusy50 ca | ||
| 101 | 1 |
_arus _cfre |
|
| 102 | _aRU | ||
| 105 | _a z ||||| | ||
| 200 | 1 |
_aСопротивление воздуха _fЭйфель _gПер. с фр. и доп. В.Н. Салин. [Ч. 1-] |
|
| 210 |
_aСанкт-Петербург _cВоздухоплават. кружок при С.-Петерб. технол. ин-те _d1911 |
||
| 215 | _d28 | ||
| 700 | 1 |
_aЭйфель _bА. Г. _f1832-1923 _gАлександр Гюстав |
|
| 702 | 1 |
_aСалин _bВ. Н. _4730 |
|
| 801 | 0 |
_aRU _bNLR _gpsbo |
|
| 801 | 0 |
_aRU _bRuMoRGB _2psbo |
|
| 801 | 1 |
_aRU _bProSoft-M _2rusmarc |
|
| 852 |
_aNLR _j2/615 |
||
| 899 |
_aRuMoRGB _jU 378/93 |
||
| 899 |
_aRuMoRGB _jU 328/41 |
||
| 899 | _aБАН | ||
| 899 | _aНБ СПбГУ | ||
| 899 | _aНБ МГУ | ||
| 942 | _cBOOK | ||
| 980 | _aNB | ||